LEADER 02347nam1 22004093i 450 001 BVEE062770 005 20170908093232.0 100 $a20150401d1583 ||||0itac50 ba 101 | $alat 102 $ait 181 1$6z01$ai $bxxxe 182 1$6z01$an 200 1 $aOpera D. Gregorii papae, huius nominis primi, cognomento magni, omnia quae extant, accuratissima diligentia a mendis multis denuo repurgata. Cum indice duplici, altero rerum verborum, sententiarumque altero locorum S. Scripturae explicatorum vtroque magna sedulitate conscripto. In quo etiam multa quae in alia aeditione vel deerant, vel corrupte legebantur, sunt restituta 210 $aVenetiis$c[Giovanni Antonio Bertano]$d1583 215 $a2 v.$d4° 300 $aMarca sul front. 463 1$1001URBE029053$12000 $a1$v1 620 $dVenezia$3SBLL003553 700 0$aGregorius$c $3CFIV005166$4070$0330455 712 02$aFarri, Domenico$3BVEV017430$4650 712 02$aBertano, Giovanni Antonio$3BVEV018877$4650 790 0$aGregorius : Magnus$c $3CFIV079232$zGregorius 790 0$aGregorio : Magno$c $3CFIV079234$zGregorius 790 0$aGrégoire : le Grand$c $3CFIV081552$zGregorius 790 0$aGregoriu$c $3CFIV117761$zGregorius 790 0$aGregorius$c $3CFIV145115$zGregorius 790 0$aGrigore : cel Mare$3CFIV200953$zGregorius 790 0$aGregorio$c $3SBNV032041$zGregorius 791 02$aBertani, Giovanni Antonio$3SBNV002742$zBertano, Giovanni Antonio 801 3$aIT$bIT-NA0079$c20150401 850 $aIT-NA0085 912 $aBVEE062770 921 $aBVEM000081$bIn cornice: la cicogna che nutre il suo piccolo. Motto: Pietas homini tutissima virtus.$cV276 950 1$aEmeroteca Biblioteca Tucci$bv. 1$d TUF. ANTICO SEC. 16. 0052 977 $a TU 996 $aOpera D. Gregorii papae, huius nominis primi, cognomento magni, omnia quae extant, accuratissima diligentia a mendis multis denuo repurgata. Cum indice duplici, altero rerum verborum, sententiarumque altero locorum S. Scripturae explicatorum vtroque magna sedulitate conscripto. In quo etiam multa quae in alia aeditione vel deerant, vel corrupte legebantur, sunt restituta$91482469 997 $aUNISANNIO